Trasa Linii 189 (MPK KRAKÓW) - Statystyki

Ogólne statystyki
  • Ten quiz został rozwiązany 12 razy
    7 od ostatniego zresetowania
  • Średni wynik to 17 z 23
Statystyki odpowiedzi
Lp. Ulica Przystanek % Poprawnych
20. Wita Stwosza Dworzec Główny Wschód
100%
23. Prądnicka Nowy Kleparz
100%
1. al. Andersa Plac Centralny im. R. Reagana
100%
21. Pawia Politechnika
100%
17. Brodowicza Brodowicza
86%
22. PrądnickaAl. Słowackiego Nowy Kleparz
86%
2. al. Andersa Os. Zgody
86%
10. Dobrego Pasterza Park Wodny
86%
15. Pilotów Pilotów
86%
12. Lubańska Dobrego Pasterza Rondo Barei
86%
3. al. Andersa Rondo Kocmyrzowskie im. Ks. Gorzelanego
86%
4. al. Andersa DH Wanda
71%
13. Młyńska Miechowity
71%
16. Olszyny Narzymskiego
71%
8. Dobrego Pasterza al. Bora-Komorowskiego Os. Akademickie PK
71%
5. al. Andersa Os. Na Lotnisku
71%
9. Dobrego Pasterza Os. Oświecenia
71%
6. al. Andersa Os. Strusia
71%
11. ↓ Dobrego Pasterza Słoneckiego
71%
19. Wita StwoszaLubomirskiego Uniwersytet Ekonomiczny
71%
7. al. Bora-Komorowskiegoal. Andersa Wiślicka
71%
18. Lubomirskiegoal. Beliny-Prażmowskiego Rondo Młyńskie
14%
14. PilotówMłyńska Rondo Mogilskie
14%
Nie znaleziono quizów pasujących do podanych kryteriów
Rozkład punktacji
Procent ludzi z każdym wynikiem
Percentyl według liczby udzielonych odpowiedzi
Twoja historia wyników
Nie rozwiązałeś tego quizu od ostatniego zresetowania